مضامین نو بہ نو / (Record no. 194353)

MARC details
000 -LEADER
fixed length control field 00636nam a22001937a 4500
005 - DATE AND TIME OF LATEST TRANSACTION
control field 20221216105108.0
010 ## - LCCN (DPL NO)
LC control number UR-11796
020 ## - INTERNATIONAL STANDARD BOOK NUMBER
International Standard Book Number 9789392496080
Terms of availability 250.00
035 ## - SYSTEM CONTROL NUMBER
System control number U-10351
037 ## - SOURCE OF ACQUISITION
Source of stock number/acquisition DBAD/PUB
Stock number -
082 ## - DEWEY DECIMAL CLASSIFICATION NUMBER
Classification number 840.8
100 ## - MAIN ENTRY--PERSONAL NAME
Personal name حافظ کرناٹکی
245 ## - TITLE STATEMENT
Title مضامین نو بہ نو /
Statement of responsibility, etc حافظ کرناٹکی
Medium ا ر د و
246 ## - VARYING FORM OF TITLE
Title proper/short title Mazameen Nau Ba Nau /
Remainder of title by Hafiz Karnataki
260 ## - PUBLICATION, DISTRIBUTION, ETC. (IMPRINT)
Place of publication, distribution, etc New Delhi
Name of publisher, distributor, etc Educational Publishing House
Date of publication, distribution, etc 2021 ء
270 ## - ADDRESS
Address H.o. D1/16, Ansari Road, Darya Ganj
City New Delhi
Postal code 110002
300 ## - PHYSICAL DESCRIPTION
Extent 184 ص
Dimensions 23cm(Hb)
942 ## - ADDED ENTRY ELEMENTS (KOHA)
Source of classification or shelving scheme Dewey Decimal Classification
Item type Urdu Bks
Call number suffix ح ا ف
Classification part 840.8
Holdings
Withdrawn status Lost status Not for loan Collection code Home library Current library Date acquired Source of acquisition Cost, normal purchase price Full call number Barcode Copy number Cost, replacement price Koha item type
      Non-fiction Central Library Central Library 16/12/2022 DBAD/PUB 250.00 840.8 ح ا ف U-10351 1 250.00 Urdu Bks

© Delhi Public Library
Hit Counter
free hit counter